Typologie der Testaufgaben fur den Unterricht Deutsch als Fremdsprache

Αποθηκεύτηκε σε:
Λεπτομέρειες βιβλιογραφικής εγγραφής
Κύριος συγγραφέας: Doye, Peter
Μορφή: Βιβλίο
Γλώσσα:German
Δημοσίευση: Berlin ; Munchen : Langenscheidt, c1998
Σειρά:Fremdsprachenunterricht in Theorie und Praxis
Θέματα:
Ετικέτες: Προσθήκη ετικέτας
Δεν υπάρχουν, Καταχωρήστε ετικέτα πρώτοι!

MARC

LEADER 00000nam a2200000 i 4500
001 1/11990
008 000919s1988 ger d
020 |a 3-468-49437-8 
035 |l 10064041 
040 |a GR-MY-UA  |b gre  |e aacr 
041 0 |a ger 
082 0 |a 438 
100 1 |a Doye, Peter. 
245 1 0 |a Typologie der Testaufgaben fur den Unterricht Deutsch als Fremdsprache /  |c von Peter Doye 
260 |a Berlin ; Munchen :   |b Langenscheidt,   |c c1998 
300 |a 223 p.;  |c 19 cm 
490 1 |a Fremdsprachenunterricht in Theorie und Praxis 
650 0 0 |a German language  |x Study and teaching  |x Foreign speakers. 
830 0 |a Fremdsprachenunterricht in Theorie und Praxis 
852 |a INST  |b RHODES  |e 20000919  |h 438 DOY  |p 005400007921  |q 005400007921  |t BK  |y 0 
909 |a Ρ  |b 018875 
922 |a 4ΕΛΗ  |b 199011 
970 |z 2000/09/ΧΡΥΣΑΝΘΗ